• 首页
  • 本馆介绍
  • 公告通知
  • 最新文献
  • 馆藏检索
  • 电子资源
  • 读者导购
  • 参考咨询
  • 我的图书馆
  • 登录
  • 详细信息显示
  • 放入我的书架
  • 预约/预借图书
  • 作者相关作品
  • 分类相关作品
  • 丛书相关作品
  • 出版社相关作品

书目信息

  • 表格格式
  • 工作单格式
  • 卡片格式
题名:
林木嫁接技术图解
    
 
作者: 李友 主编
分册:  
出版信息: 北京   化学工业出版社  2018重印
页数: 323页
开本: 20cm
丛书名: 现代园林绿化实用技术丛书
单 册:
中图分类: S723.2-64 , S723.2
科图分类:
主题词: 林木--Lin Mu--嫁接--图解
电子资源:
ISBN: 978-7-122-22733-1
000 01480nam 2200301 45
001 012001000607
005 20140106133413.0
010    @a978-7-122-22733-1@dCNY39.00
099    @aCAL 012015057360
100    @a20150428d2015 em y0chiy50 ea
101 0  @achi
102    @aCN@b110000
105    @aafk a 000yy
106    @ar
200 1  @a林木嫁接技术图解@ALin Mu Jia Jie Ji Shu Tu Jie@f李友主编
210    @a北京@c化学工业出版社@d2018重印
215    @a323页@c图 (部分彩图)@d20cm
225 2  @a现代园林绿化实用技术丛书@AXian Dai Yuan Lin Lv Hua Shi Yong Ji Shu Cong Shu
320    @a有书目 (第322页)
330    @a本书详细介绍了林木嫁接的技术,共分为5个章节。第1章主要介绍林木嫁接的概念;嫁接成活的原理以及影响嫁接成活的内部因素和外部因素;影响嫁接成活的各因素之间的关系。第2章介绍树木嫁接之前的准备工作,包括砧木的准备:砧木的选择、繁殖和培育;接穗的准备:接穗的选择、采集和贮藏;嫁接工具和材料的准备等各项嫁接之前的准备工作。第3章介绍林木嫁接方法和技术,包括枝接技术、芽接技术和根接技术等。第4章介绍了19种果树的嫁接技术和各种果树目前常用的优良品种。第5章介绍了18种园林树木(14种观花树种、4种彩叶树种)的嫁接方法,还介绍了特殊造型树种以及盆景树木的嫁接方法。
333    @a从事林业、园艺工作的人员和有关农林院校师生
410  0 @12001@a现代园林绿化实用技术丛书
606 0  @a林木@ALin Mu@x嫁接@x图解
690    @aS723.2-64@v4
690    @aS723.2@v4
701  0 @a李友@ALi You@4主编
801  0 @aCN@b北京卓展文化@c20191020
905    @b1200704-7@dS723.2-64@e122@f4
    
    林木嫁接技术图解/李友主编.-北京:化学工业出版社,2018重印
    323页:图 (部分彩图);20cm.-(现代园林绿化实用技术丛书)
    使用对象:从事林业、园艺工作的人员和有关农林院校师生
    
    ISBN 978-7-122-22733-1:CNY39.00
    本书详细介绍了林木嫁接的技术,共分为5个章节。第1章主要介绍林木嫁接的概念;嫁接成活的原理以及影响嫁接成活的内部因素和外部因素;影响嫁接成活的各因素之间的关系。第2章介绍树木嫁接之前的准备工作,包括砧木的准备:砧木的选择、繁殖和培育;接穗的准备:接穗的选择、采集和贮藏;嫁接工具和材料的准备等各项嫁接之前的准备工作。第3章介绍林木嫁接方法和技术,包括枝接技术、芽接技术和根接技术等。第4章介绍了19种果树的嫁接技术和各种果树目前常用的优良品种。第5章介绍了18种园林树木(14种观花树种、4种彩叶树种)的嫁接方法,还介绍了特殊造型树种以及盆景树木的嫁接方法。
●
相关链接 在E读中查询图书 在五车中查询图书 在当当中查询图书 在豆瓣中查询图书


正题名:林木嫁接技术图解     索取号:S723.2-64/122         预约/预借

序号 登录号 条形码 馆藏地/架位号 状态 备注
1 1200704   212007040   第二样本阅览室/ [索取号:S723.2-64/122] 在馆    
2 1200705   212007059   第三借阅区/ [索取号:S723.2-64/122] 在馆    
3 1200706   212007068   第三借阅区/ [索取号:S723.2-64/122] 在馆    
4 1200707   212007077   第三借阅区/ [索取号:S723.2-64/122] 在馆    
唐山师范学院图书馆 欢迎您!
大连网信软件有限公司© 版权所有